000
00230 a2200097 4500
001
23281
100
_a
Zuyev, V S
245
_a
Combustion Chambers for Jet Propulsion Engines
260
_a
_b
Pergamon
_c
1961
090
_c
15788
_d
15788
942
_a
NUST-CAE
_c
M
_c
6433
999
_c
258354
_d
258354